Diálogos entre directivos II. De la reflexión a la sistematización de la mejora educativa.

Uloženo v:
Podrobná bibliografie
Další autoři: Guerrero Reyes, Adela coord (autor) coord, (autor), coord (autor) coord, (autor)
Médium: Kniha
Jazyk:španělština
Edice:(Iniciativas para mejorar la educación básica y normal : seis años de experiencias de las comunidades educativas del Distrito Federal ; no. 5)
Témata:
Tagy: Přidat tag
Žádné tagy, Buďte první, kdo vytvoří štítek k tomuto záznamu!

MARC

LEADER 00000nam^a2200000^u^4500
001 000497493
005 20250521000000.0
008 070330s1000^^^^^^^^^^^^r^^^^^000^0^spa^d
009 20260310125635.527
035 |a FCE 000041257 
037 |a Acervo ITESO - Biblioteca 
041 |a spa 
082 0 4 |a 370.72  |b I.M.E.B.N. 5 
245 1 0 |a Diálogos entre directivos II. De la reflexión a la sistematización de la mejora educativa. 
264 |a México :  |b SEP, AFSEDF : OEI,  |c 2006. 
300 |a 344 p. 
336 |a texto  |b txt  |2 rdacontenido 
337 |a sin mediación  |b n  |2 rdamedio 
338 |a volumen  |b nc  |2 rdasoporte 
440 1 |a (Iniciativas para mejorar la educación básica y normal : seis años de experiencias de las comunidades educativas del Distrito Federal ; no. 5) 
649 |a XX 
650 |a Educación básica 
650 |a Reforma de la educación 
650 |a Mejora de la educación 
650 |a Planificación institucional 
650 |a Gestión de la educación 
650 |a Calidad de la educación 
650 |a Propuesta de reforma 
650 |a México 
700 |a Guerrero Reyes, Adela  |e coord  |e (autor) 
700 |e coord  |e (autor) 
910 |a Fondo Centro de Estudios Educativos 
920 |a Impresos - Libros 
930 |a Fondos Especiales 
905 |a 133 
901 |a ALE048229  |b IT2  |c CEE  |u 20250521 
902 |a https://opac.biblio.iteso.mx/vufind/Record/000497493